LEADER 02567nam0 2200493 i 450 001 VAN0123450 005 20230703093123.259 017 70$2N$a9789811050985 100 $a20190920d2017 |0itac50 ba 101 $aeng 102 $aSG 105 $a|||| ||||| 200 1 $aˆA ‰Course on Basic Model Theory$fHaimanti Sarbadhikari, Shashi Mohan Srivastava 210 $aSingapore$cSpringer$d2017 215 $axix, 291 p.$cill.$d24 cm 316 $aall'inventario corrispondono gli e-books dell'annata 2017 del pacchetto Springer in Mathematics and Statistics (inv. da eMF 513 a eMF 973)$5IT-IT-CE0120 CONSebooks 500 1$3VAN0235334$aˆA ‰Course on Basic Model Theory$91560514 606 $a03-XX$xMathematical logic and foundations [MSC 2020]$3VANC019750$2MF 606 $a03C60$xModel-theoretic algebra [MSC 2020]$3VANC023964$2MF 606 $a03C50$xModels with special properties (saturated, rigid, etc.) [MSC 2020]$3VANC024446$2MF 606 $a03C35$xCategoricity and completeness of theories [MSC 2020]$3VANC024492$2MF 606 $a12L12$xModel theory of fields [MSC 2020]$3VANC029286$2MF 610 $aAlgebra$9KW:K 610 $aForking Independence$9KW:K 610 $aLöwenheim?Skolem Theorem$9KW:K 610 $aMathematical logic$9KW:K 610 $aMinimal and O-Minimal Theories$9KW:K 610 $aModel theory$9KW:K 610 $aMonster Model$9KW:K 610 $aMorley Categoricity Theorem$9KW:K 610 $aStable Theories$9KW:K 620 $aSG$dSingapore$3VANL000061 700 1$aSarbadhikari$bHaimanti$3VANV094863$0766796 701 1$aSrivastava$bSashi Mohan$3VANV039869$0441017 712 $aSpringer $3VANV108073$4650 801 $aIT$bSOL$c20240614$gRICA 856 4 $uhttp://doi.org/10.1007/978-981-10-5098-5$zhttp://doi.org/10.1007/978-981-10-5098-5 856 4 $uhttp://doi.org/10.1007/978-981-10-5098-5$zE-book ? Accesso al full-text attraverso riconoscimento IP di Ateneo, proxy e/o Shibboleth 912 $fN 912 $aVAN0123450 950 $aBIBLIOTECA DEL DIPARTIMENTO DI MATEMATICA E FISICA$d08CONS e-book 0513 $e08eMF513 20190920 950 $aBIBLIOTECA DEL DIPARTIMENTO DI MATEMATICA E FISICA$d08CONS ebooks $e08DMF460 20191107 all'inventario corrispondono gli e-books dell'annata 2017 del pacchetto Springer in Mathematics and Statistics (inv. da eMF 513 a eMF 973) 996 $aCourse on Basic Model Theory$91560514 997 $aUNICAMPANIA LEADER 01697nam0 22003733i 450 001 VAN00240179 005 20241206105235.989 017 70$2N$a9783030527549 100 $a20220214d2021 |0itac50 ba 101 $aeng 102 $aCH 105 $a|||| ||||| 181 $ai$b e 182 $ab 200 1 $aSocial Movements and Public Policies in Southern European Cities$feditors Laura Fregolent, Oriol Nel·lo 210 $aCham$cSpringer$d2021 215 $aVI, 179 p.$cill.$d24 cm 410 1$1001VAN00240180$12001 $aUrban and Landscape Perspectives$feditor Giovanni Maciocco$1210 $aCham$cSpringer$v21 620 $aCH$dCham$3VANL001889 676 $a711$cUrbanistica (Pianificazione territoriale)$v22 676 $a304.2$cAntropologia ecologica. Geografia umana$v22 676 $a910$cGeografia generale$v22 676 $a301$cSociologia generale$v22 702 1$aFregolent$bLaura$3VANV047836 702 1$aNel·lo$bOriol$3VANV196835 712 $aSpringer $3VANV108073$4650 801 $aIT$bSOL$c20241213$gRICA 856 4 $uhttps://link.springer.com/book/10.1007/978-3-030-52754-9$zE-book - Accesso al full-text attraverso riconoscimento IP di Ateneo, proxy e/o Shibboleth 899 $aBIBLIOTECA DEL DIPARTIMENTO DI SCIENZE E TECNOLOGIE AMBIENTALI BIOLOGICHE E FARMACEUTICHE$1IT-CE0101$2VAN17 912 $fN 912 $aVAN00240179 950 $aBIBLIOTECA DEL DIPARTIMENTO DI SCIENZE E TECNOLOGIE AMBIENTALI BIOLOGICHE E FARMACEUTICHE$d17CONS e-book 2224 $e17BIB2224/103 103 20220214 996 $aSocial Movements and Public Policies in Southern European Cities$92595505 997 $aUNICAMPANIA